| 000 | 00603 a2200193 4500 | ||
|---|---|---|---|
| 003 | OSt | ||
| 005 | 20180116182827.0 | ||
| 008 | 170808b xxu||||| |||| 00| 0 eng d | ||
| 020 | _a9698337008 | ||
| 040 | _c0 | ||
| 082 | _a027.025 AHM 1996 | ||
| 100 | _aChief Editor: Hafiz Khubaib Ahmed | ||
| 110 | _aPakistan Library Association | ||
| 245 |
_aDirectory of Libraries in Pakistan _cChief Editor: Hafiz Khubaib Ahmed |
||
| 260 |
_aPakistan Library Association _bIslamabad _c1996 |
||
| 300 |
_a252 p. _bpb |
||
| 440 | _aDirectory of Libraries in Pakistan | ||
| 942 |
_aNBS _cBK _k027.025 AHM 1996 _2ddc |
||
| 999 |
_c346740 _d346740 |
||